Connecticut Counties by Border - Statistics

General Stats
  • This quiz has been taken 110 times
  • The average score is 7 of 8
Answers on the Map
Answers color-coded by a green-red scale on the quiz's map according to % correct below.
 
Answer Stats
County % Correct
Hartford
97%
New Haven
97%
Litchfield
95%
New London
95%
Middlesex
94%
Tolland
90%
Fairfield
89%
Windham
78%
No matching quizzes found
Score Distribution
Percent of People with Each Score
Percentile by Number Answered
Your Score History
You have not taken this quiz